000 00413nam a2200181Ia 4500
005 20240823012921.0
008 240823s9999||||xx |||||||||||||| ||und||
041 _aENGLISH
082 _A621.8 N9
100 _aHannah J A
245 0 _aMechanics of machines
250 _a1st
260 _c1989
_b"Viva,New "
_aNew Delhi
500 _aYES
650 _aMachine
_bMechanical
942 _cBK
999 _c165762
_d165762